Kamyabi hazir he = کامیابی حاضر ہے/ (Record no. 114872)
[ view plain ]
| 000 -LEADER | |
|---|---|
| fixed length control field | 00518nam a22001457a 4500 |
| 005 - DATE AND TIME OF LATEST TRANSACTION | |
| control field | 20191130095756.0 |
| 008 - FIXED-LENGTH DATA ELEMENTS--GENERAL INFORMATION | |
| fixed length control field | 191130b ||||| |||| 00| 0 eng d |
| 040 ## - CATALOGING SOURCE | |
| Transcribing agency | PK-LaUMT |
| 082 ## - DEWEY DECIMAL CLASSIFICATION NUMBER | |
| Classification number | 158.1 |
| Item number | COP-K |
| 100 ## - MAIN ENTRY--PERSONAL NAME | |
| Personal name | Copmare, M. R. = کوپ میئر، ایم۔ آر۔ |
| 245 ## - TITLE STATEMENT | |
| Title | Kamyabi hazir he = کامیابی حاضر ہے/ |
| Statement of responsibility, etc | by M. R. Copmare; translated by Iqbal Kadar = از ایم آر کوپ؛ ترجمہ اقبال کاردار |
| 260 ## - PUBLICATION, DISTRIBUTION, ETC. (IMPRINT) | |
| Place of publication, distribution, etc | Lahore : |
| Name of publisher, distributor, etc | Book Home, |
| Date of publication, distribution, etc | 2018 |
| 300 ## - PHYSICAL DESCRIPTION | |
| Extent | 280 p. |
| 942 ## - ADDED ENTRY ELEMENTS (KOHA) | |
| Koha item type | Books |
| Withdrawn status | Lost status | Damaged status | Home library | Current library | Date acquired | Full call number | Barcode | Date last seen | Price effective from | Koha item type |
|---|---|---|---|---|---|---|---|---|---|---|
| UMT Main Campus | UMT Main Campus | 2019-11-30 | 158.1 COP-K | 131259 | 2026-03-07 | 2019-11-30 | Books |
